| 000 | 00867nam a2200277Ia 4500 | ||
|---|---|---|---|
| 003 | OSt | ||
| 005 | 20220926020701.0 | ||
| 006 | a|||||r|||| 00| 0 | ||
| 007 | ta | ||
| 008 | 220923b |||||||| |||| 00| 0 eng d | ||
| 020 | _a1841272752 | ||
| 037 | _cGeneral Book | ||
| 040 |
_aRTL _cRTL _beng |
||
| 041 |
_2eng _aeng |
||
| 082 | _aU:(G:55).5.P, P1 | ||
| 100 |
_aLightfoot Simon _9324881 |
||
| 245 | 0 |
_aGreening of the European Union? _bExamining the EU' |
|
| 260 |
_aNew York _bSheffield Academic Press _c2001 |
||
| 300 |
_a131p _ccm. |
||
| 490 | _aUniversity Association for Contemporary European Studies | ||
| 500 | _aBibliography: P 119-25 | ||
| 650 |
_aGeography irt Environment _9230029 |
||
| 700 |
_a Burchell Jon _9280308 |
||
| 942 |
_hU:(G:55).5.P, P1 _cGB _2CC |
||
| 999 |
_c634776 _d634776 |
||